00725nam a22002057a 450000500170000001000150001702000260003203500140005803700130007208200160008510000240010124501170012525000130024226000460025527000650030130000340036650000440040050000470044470000280049120180813154217.0 aENG-123722 a9780199467068c695.00 aEN-107254 bDBAD/PUB a338.5024658 aSalvatore, Dominick aManagerial economics:cby Dominick Salvatore [and] Siddhartha K. Rastogibprincipes and worldwide applications / a18th ed. c2016aNew Delhi bOxford University Press aYMCA Library Building, 1 Jai Singh Road,bNew Delhi e110001 c25cm(pbk)axxiii,613p. bill. aIt include appendix, glossary and index aOnline Resources for teachers and students aRastogi, Siddhartha K.